00730 2200241 4500001002100000005001700021008004100038020001800079035002400097090002300121100001900144245007400163250001700237260003300254300002800287500009600315650001000411700001100421700001600432850001200448985000600460999002200466YOGYA-0209000005823820090227034343.0 ind  a979-3289-87-2 0010-020900000058238 a657.45bHid PlDEP aHIDAYAT, Wahyu aPraktek audit PT. Nabila PressindocWahyu Hidayat, Hendri, Fery Lubis aEd.1 , Cet.1 aYogyakartabGraha Ilmuc2004 av, 151 hlmbilusc26 cm aDiterbitkan bekerjasama dengan Lembaga Pendidikan dan Pengembangan Profesi Indonesia [LPBI] aAudit aHendri aLubis, Fery aYOPDYOG a1 a2005-555 hCB-D.11